| 000 | 00804nam a2200253Ia 4500 | ||
|---|---|---|---|
| 003 | OSt | ||
| 005 | 20220927105328.0 | ||
| 006 | a|||||r|||| 00| 0 | ||
| 007 | ta | ||
| 008 | 220926b |||||||| |||| 00| 0 eng d | ||
| 020 | _a9789211283334 | ||
| 024 | _a188760 | ||
| 037 | _cReference Collections | ||
| 040 |
_aRTL _cRTL _beng |
||
| 041 |
_2eng _aeng |
||
| 082 | _a"X:31.49M, P9/UN" | ||
| 110 | _aUNITED NATIONS ECONOMIC AND SOCIAL COMMISSION FOR WESTERN ASIA | ||
| 245 | 0 |
_aNational accounts studies of the ESCWA Region _b Bulletin No. 29 |
|
| 260 |
_aNew _bYork United Nations _c2009 |
||
| 300 |
_a"xvi, 85p" _ccm. |
||
| 700 | _aUNITED NATIONS ECONOMIC AND SOCIAL COMMISSION FOR WESTERN ASIA | ||
| 942 |
_h"X:31.49M, P9/UN" _cCC |
||
| 999 |
_c691880 _d691880 |
||